| 000 | 01493nam a2200373 i 4500 | ||
|---|---|---|---|
| 003 | DO-SdBNP | ||
| 005 | 20240619082526.0 | ||
| 006 | a||||gr|||| 00| 0 | ||
| 007 | ta | ||
| 008 | 240618b dr ao||| |||| 00| 0 spa d | ||
| 020 | _a0965065022 | ||
| 040 |
_aDO-SdBNP _bspa _cBNPHU _erda |
||
| 041 | 1 | _hspa, fre, eng. | |
| 082 | 4 |
_222 _bC723p |
|
| 100 |
_aColson, Jaime, _d1901-1975 _937723 |
||
| 245 | 1 | 0 |
_aPintura - peinture - paintings / _cJaime Colson; editor, Irán O. Rey; fotografía, Manuel López; traductores, julia R. Yobst, Marianne de Tolentino, Yvonne Bellion; prefacio, Juan José Bellapart. |
| 264 | 4 |
_aPonce de León, Florida : _bPalette, _c©1996 |
|
| 300 |
_a110 páginas : _bilustraciones, fotografías ; _c31 cm. |
||
| 336 |
_2rdacontent _atexto _btxt |
||
| 337 |
_2rdamedia _asin mediación _bn |
||
| 338 |
_2rdacarrier _avolumen _bnc |
||
| 500 | _aIncluye datos biográficos del autor en las solapas de las contracubiertas. | ||
| 500 | _aIncluye pie de fotos | ||
| 546 | _aTraducido en tres idiomas, españo, inglés y francés. | ||
| 590 | _aInventariado 2024 / MF | ||
| 600 | 4 |
_aColson, Jaime, _d1901-1975 _937723 _tPinturas |
|
| 700 | 1 |
_aRey, Irán O., _eeditor _985705 |
|
| 700 | 1 |
_aBellapart, Juan José _eprólogo _982782 |
|
| 700 | 1 |
_aYobst, Julia R., _etraductor _985706 |
|
| 700 | 1 |
_aTolentino, Marianne de, _d1951- _973333 _etraductora |
|
| 700 | 1 |
_aBellion, Yvonne, _etraductor _982126 |
|
| 700 | 1 |
_aLópez, Manuel, _969872 _efotógrafo |
|
| 942 |
_2ddc _cLBS1 |
||
| 999 |
_c56882 _d56882 |
||